| 000 | 00683nam a2200217Ia 4500 | ||
|---|---|---|---|
| 003 | OSt | ||
| 005 | 20260105130124.0 | ||
| 008 | 220923b |||||||| |||| 00| 0 eng d | ||
| 037 | _cGeneral Book | ||
| 040 |
_aRTL _cRTL _beng |
||
| 041 |
_2eng _aeng |
||
| 084 |
_aX:8M , MO _qRTL |
||
| 100 |
_aNolan Robert E _9286498 |
||
| 245 | 0 | _aImproving Productivity Through Advanced Office Con | |
| 260 |
_aNew York _bAmerican Management Association U. S. A. _c1980 |
||
| 300 |
_a404 p. _ccm. _bIncludes bibliographical references and index. |
||
| 650 |
_aOffice Management _9861836 |
||
| 700 | _eCo-Author | ||
| 942 |
_hX:8M , MO _cGB _2CC _n0 |
||
| 999 |
_c621334 _d621334 |
||